000 01997nam2a2200289 4500
001 RU\NLR\BIBL_A\012475918
005 20250624043852.0
010 _a978-5-00045-961-4
_9500
035 _a(NLR Aleph) 012475918
090 _a12104003
_c12104003
100 _a20210316d2020 |||y0rusy50 ca
101 0 _arus
_deng
102 _aRU
105 _aa z 000yy
200 1 _aVIII Международная межвузовская научно-практическая конференция, 16 декабря 2020 года
_fпод ред. С.В. Анчукова, О.Л. Некрасовой-Каратеевой
210 _d2020
_aБ. м.
215 _a560 с.
_cил.
_d20
300 _aРез. на англ. яз.
320 _aБиблиогр. в конце ст.
461 0 _1001RU\NLR\INFOCOMM34\5000001280
_12001#$aИскусствознание и педагогика$eДиалектика, взаимосвязи и взаимодействия$eСб. науч. тр. преподавателей и студентов Фак. изобраз. искусства$fРос. гос. пед. ун-т им. А.И. Герцена$vВып. 8
_94141616
_cСПб.
_d2004 -
_fРос. гос. пед. ун-т им. А.И. Герцена
_nЭкспресс
_oДиалектика, взаимосвязи и взаимодействия : Сб. науч. тр. преподавателей и студентов Фак. изобраз. искусства
_tИскусствознание и педагогика
_vВып. 8
702 1 _aАнчуков
_bС. В.
_4340
711 1 2 _a"Искусствознание и педагогика. Диалектика взаимосвязи и взаимодействия", международная межвузовская научно-практическая конференция
_d8
_eСанкт-Петербург
_f2020
_9739746
_3RU\NLR\AUTH\880538138
852 _aNLR
_jП31/597
942 _cISSUE
980 _aNB
980 _aRUSPER